Centros de Educación Básica Intensiva : una alternativa al rezago escolar.

Wedi'i Gadw mewn:
Manylion Llyfryddiaeth
Prif Awdur: Lavín de Arrivé, Sonia (autor)
Fformat: Anhysbys
Iaith:Sbaeneg
Pynciau:
Mynediad Ar-lein:Ver documento en línea
Tagiau: Ychwanegu Tag
Dim Tagiau, Byddwch y cyntaf i dagio'r cofnod hwn!

MARC

LEADER 00000c**#a2200000ua#4500
001 000501687
003 DLC
005 20260413000000.0
008 070831c^^^^9999^^^^r1^^^^^^^^0^^^^0spa^d
009 20260413194151.502
022 |a 01851284 
035 |a FCE 000045867 
037 |a Acervo ITESO - Biblioteca 
041 |a spa 
095 |a RLEE  |b 86-3-4-11. 
100 |a Lavín de Arrivé, Sonia  |e (autor) 
245 1 0 |a Centros de Educación Básica Intensiva :  |b una alternativa al rezago escolar. 
264 |a México :  |b Centro de Estudios Educativos,  |c 1986. 
336 |a texto  |b txt  |2 rdacontenido 
337 |a sin mediación  |b n  |2 rdamedio 
338 |a volumen  |b nc  |2 rdasoporte 
649 |a XX 
650 |a Educación básica 
650 |a Zonas marginadas 
650 |a Zona rural 
650 |a Deserción escolar 
650 |a Evaluación 
650 |a Alternativas educativas 
650 |a CEBI 
650 |a Educación primaria 
650 |a Modelo curricular 
650 |a Rezago escolar 
650 |a México 
740 |g vol. 16., no. 3-4, 1986, pp. 11-46.  |t Revista Latinoamericana de Estudios Educativos. artículos, 
856 4 0 |u https://www.cee.edu.mx/rlee/revista/r1981_1990/r_texto/t_1986_3-4_02.pdf  |y Ver documento en línea 
910 |a Fondo Centro de Estudios Educativos 
920 |a Impresos - Libros 
930 |a Fondos Especiales 
905 |a 133 
902 |a https://opac.biblio.iteso.mx/vufind/Record/000501687